000 00403nam a2200157Ia 4500
008 240729s9999 xx 000 0 und d
022 _a2353-3978
245 0 _aJournal of Horticultural Research
260 _aPoland
260 _bSciendo
650 _a Plant culture
650 _aAgriculture
856 _uhttps://doaj.org/toc/d41f0864b387402aa79c50199d32b7fc
942 _2ddc
942 _cDOAJEJ
999 _c68532
_d68532
945 _a1
_bMadushi Gamage
_c1
_dMadushi Gamage